00306 2200109 4500001002100000005001500021035002000036245006700056100002800123260003200151990001300183INLIS00000000000236520250528112121 a0010-05250006571 aPedoman Pengembangan Kultur Sekolah /cDirjen Diknasmen Diknas0 aDirjen Diknasmen Diknas aJakarta :bDepdiknas,c2004 a05201352